Statistics for NSE Level 2 Vocab: El Dormitorio (Spanish to English)

Click here to take the quiz!

General Stats

  • This quiz has been taken 6 times
  • The average score is 8 of 13

Answer Stats

HintAnswer% Correct
CamaBed
100%
Dormir (ue)To sleep
100%
Dormirse (ue)To fall asleep
80%
LevantarseTo get up
80%
Hacer la camaTo make the bed
80%
DespertadorAlarm clock
60%
TocadorDresser with mirror
60%
Vestirse (i)To get dressed
60%
Despertarse (ie)To wake up
60%
ArmarioCloset
40%
Mesita de nocheNightstand
40%
CómodaChest of drawers
20%
PerchaHanger
20%

Score Distribution

Percentile by Number Answered

Percent of People with Each Score

Your Score History

You have not taken this quiz